00888nam a22002537a 45000010005000000030006000050050017000110080041000280200018000690400029000870820008001161000023001242450114001472500035002612600048002963000050003445050008003945200099004025210023005015210020005246500030005446500025005747000035005999514FISKH20260116124024.0260116b cb ||||| |||| 00| 0 eng d a9780765192646 aFISKHbengcFISKHdFISKH a503 aScarborough , Kate aFirst science encyclopedia / cWritten by Kate Scarborough and Philippa Moyle : Illustrated by Teresa Foster  aThis edition published in 1998 aNew York : bSmithmark Publishers , c1997. a40 pages : bcolor illustrations ; c34 cm .  aZ  aBasic scientific concepts are clearly explained in simple language and colorful illustrations.8 a950 bLexile IG 8 aZ bRaz-Plus  aEncyclopediavNon-fiction aSciencevNon-fiction aFoster , Teresa eIllustrator